| 000 | 00538 a2200217 4500 | ||
|---|---|---|---|
| 001 | 115738 | ||
| 020 | _a0964601001 (trade) | ||
| 041 | _aeng | ||
| 082 | _aAP JK 398 | ||
| 100 | _aZunshine, Tatiana. | ||
| 250 | _a1st ed. | ||
| 300 | _a[32] p. | ||
| 697 | _aFolklore. | ||
| 697 | _aTurnips - Folklore. | ||
| 856 | _u00002e/00002e82.jpg | ||
| 040 |
_aBR-BrIDEA _cBR-BrIDEA |
||
| 090 |
_aAP JK 398 _bZUN |
||
| 245 | 1 | 0 |
_aA little story about a big turnip _c Tatiana Zunshine |
| 260 |
_a[s.l.] _bPumpkin House _c2003 |
||
| 942 | _cBK | ||
| 999 |
_c115738 _d115738 |
||